The way we live now : american plays & the AIDS crisis /

Guardat en:
Dades bibliogràfiques
Autor principal: Osborn, M. Elizabeth (Autor)
Format: Llibre
Idioma:anglès
Publicat: xvii, 279 p. ; 24 cm.
Etiquetes: Afegir etiqueta
Sense etiquetes, Sigues el primer a etiquetar aquest registre!

MARC

LEADER 00000nam a22000007i 4500
001 IT\ICCU\UBO\3250939
003 ItRI
005 20260115231833.0
008 070717s1990 xxu|||||| ||||| |||||c
020 |a 1559360062 
040 |b ita  |c importazione bologna sebina 
041 7 |a eng  |2 ISO-639-2 
100 1 |a Osborn, M. Elizabeth  |0 IT\ICCU\UBOV\168580  |4 aut 
245 1 4 |a The way we live now :  |b american plays & the AIDS crisis /  |c edited by M. Elizabeth Osborn. 
260 |a xvii, 279 p. ;  |a 24 cm. 
942 |2 ddc  |c BK  |n 0 
952 |0 0  |1 0  |4 0  |6 DOC_812_540000000000000_OSB  |7 0  |9 13868  |a BO  |b BO  |d 2026-01-15  |i 5429  |l 0  |o DOC 812.54 OSB  |p BO5429  |r 2026-01-15 23:18:33  |w 2026-01-15  |x [Sebina 5] [1 v.]  |y BK  |z 1 v. 
999 |c 11936  |d 11936